000 01254nam a2200325Ia 4500
001 dia_6338
003 CHAP
005 20251023173826.0
008 220117s2005 xx 000 0 und d
010 _a177818
020 _a968-02-0147-3
040 _cCHAP
082 _a636.0883 S57 2005
245 _aSistemas de producción de no rumiantes y especies menores : resultados de investigación 2004 /
_c coordinación Leticia Myriam Sagarnaga Villegas ; colaboración Mariano González Alcorta...[et al.]
260 _aMéxico :
_b Universidad Autónoma Chapingo. Departamento de Zootecnia,
_c2005
300 _a138 p.
440 _aPrograma Universitario de Investigación
_9162265
504 _aIncluye bibliografías
590 _aSF391 S57 2005
650 _aAnimal husbandry
_xResearch
_9162266
650 _aAnimal production
_xResearch
_9162267
650 _aGanadería
_xInvestigación
_944756
650 _aProducción animal
_xInvestigación
_9162268
700 _aGonzález Alcorta, Mariano, colab.
_9162269
700 _aSagarnaga Villegas, Leticia Myriam , coord.
_9162270
901 _a636.0883 S57 2005
902 _aA
905 _a5232272005 mx mn 8223223322spa16
942 _cLIBRO
_2ddc
999 _c177818
_d177818